Statistiche per Riconosci il Calciatore - Quiz n°26

Clicka qui per fare il quiz!

Statistiche generali

  • Questo quiz è stato fatto 9 volte
  • Il punteggio medio è 11 su 18

Statistiche sulle risposte

IndizioRisposta% Corretto
NazionalitàArgentina
88%
Trofei per clubCampionato MLS: 1
New York City: 2021
88%
Squadra di club 3New York City 2018-2022
88%
Squadra di club 2Torque 2017-2018
88%
RuoloAttaccante
75%
Squadra di club 4Girona 2022-2023
75%
Squadra di club 1Universidad de Chile 2017-2017
75%
Trofei per nazionali0
63%
Squadra di club 5Lazio 2023-
63%
Gol in nazionale0
50%
Data di nascita03/10/1998
50%
Altezza178 cm
50%
Peso75 kg
50%
Trofei individualiCapocannoniere del Campionato MLS: 1
2021 (22 gol)
MLS Best XI: 1
2021
50%
Presenze in nazionale0
38%
Presenze nei club224
38%
Gol nei club80
38%
CalciatoreValentín Castellanos
38%

Distribuzione punteggi

Percentile per numero di risposta

Percentuale di utenti per punteggio

I tuoi punteggi nel tempo

Non hai fatto questo quiz